[Event "Colmenarejo Spring op 24th"]
[Site "Colmenarejo"]
[Date "2018.06.24"]
[Round "7"]
[White "Fernandez Pello San Roman, Danie"]
[Black "Fernandez Pello San Roman, Aaron"]
[Result "1-0"]
[WhiteElo "1335"]
[BlackElo "1121"]
[PlyCount "61"]
[EventDate "2018.05.13"]
[EventType "swiss"]
[EventRounds "7"]
[EventCountry "ESP"]
[SourceTitle "EXT 2019"]
[Source "ChessBase"]
[SourceDate "2018.10.10"]
[SourceVersion "1"]
[SourceVersionDate "2018.10.10"]
[SourceQuality "1"]

1. e4 e5 2. Nf3 Nc6 3. Bb5 Bc5 4. c3 Nf6 5. d3 0-0 6. Bg5 d6 7. Nbd2 Bg4 8. 0-0 a6 9. Ba4 b5 10. Bc2 a5 11. a3 a4 12. Re1 Qe7 13. h3 Bh5 14. Rb1 Qe6 15. Qc1 d5 16. exd5 Nxd5 17. d4 Bd6 18. Bh4 Rfe8 19. Bxh7+ Kf8 20. Bc2 Bg6 21. Bg3 Qf6 22. Bh4 Qe6 23. Bg3 Bxc2 24. Qxc2 f6 25. Qg6 Nde7 26. Qe4 f5 27. Qh4 f4 28. Qh8+ Kf7 29. Ng5+ Kf6 30. Nde4+ Kg6 31. Qh7# 1-0